[Event "Hares Super Tornado"]
[Site "Ann Arbor, Mich."]
[Date "1984.07.29"]
[Round "5"]
[White "Kulbacki, Jim"]
[Black "Moody, David"]
[Result "1-0"]
[WhiteElo "2000"]
[BlackElo "1927"]
[PlyCount "101"]
[EventDate "1984.07.29"]

1. d4 Nf6 2. c4 c5 3. d5 e6 4. Nc3 exd5 5. cxd5 d6 6. Nf3 g6 7. Bf4 Bg7 8. Qa4+
Bd7 9. Qb3 Bc8 10. e4 O-O 11. e5 Re8 12. Be2 dxe5 13. Bxe5 Nbd7 14. Bg3 Ne4 15.
Qc2 Qa5 16. Rc1 Nb6 17. O-O Nxc3 18. bxc3 Nxd5 19. Bc4 Bf5 20. Qb3 Nxc3 21.
Bxf7+ Kh8 22. Bxe8 Ne2+ 23. Kh1 Nxc1 24. Rxc1 Rxe8 25. Qxb7 Bd4 26. h3 Qxa2 27.
Ne5 Bxf2 28. Nf7+ Kg8 29. Nh6+ Kh8 30. Be5+ Rxe5 31. Qb8+ Kg7 32. Qxe5+ Kxh6
33. Qf4+ Kg7 34. Qe5+ Kf7 35. Ra1 Bg3 36. Qc3 Qd5 37. Rxa7+ Ke6 38. Qxg3 Qd1+
39. Kh2 Qd6 40. Rxh7 c4 41. Rc7 Qxg3+ 42. Kxg3 Kd5 43. Kf3 Kd4 44. Ke2 Bd3+ 45.
Kd2 Ke4 46. Rf7 Kd4 47. g4 Ke4 48. h4 Kd4 49. h5 gxh5 50. gxh5 Ke5 51. h6 1-0

[Event "U.S. Open"]
[Site "Ft. Worth, Tex."]
[Date "1984.08.04"]
[Round "1"]
[White "Moody, David"]
[Black "Jones, Philip"]
[Result "1-0"]
[WhiteElo "1927"]
[BlackElo "1322"]
[PlyCount "55"]
[EventDate "1984.08.04"]

1. e4 e6 2. d4 d5 3. Nc3 Nf6 4. Bg5 Be7 5. e5 Ng8 6. Be3 Nd7 7. Qg4 g6 8. Bd3
Nf8 9. h4 h5 10. Qg3 Nh6 11. Bxh6 Rxh6 12. Nf3 Bd7 13. Qf4 Rh8 14. O-O-O Nh7
15. g4 Bf8 16. Ng5 Qe7 17. gxh5 Bh6 18. hxg6 Nxg5 19. hxg5 Bg7 20. Rxh8+ Bxh8
21. Rh1 O-O-O 22. Rh7 Qf8 23. gxf7 Be8 24. g6 Rd7 25. Rxh8 Qxh8 26. f8=Q Qh1+
27. Kd2 Rd8 28. g7 1-0

[Event "U.S. Open"]
[Site "Ft. Worth, Tex."]
[Date "1984.08.05"]
[Round "2"]
[White "Friedman, Josef"]
[Black "Moody, David"]
[Result "1-0"]
[WhiteElo "2164"]
[BlackElo "1927"]
[PlyCount "65"]
[EventDate "1984.08.04"]

1. d4 Nf6 2. c4 c5 3. d5 e6 4. Nc3 exd5 5. cxd5 d6 6. e4 g6 7. Nf3 Bg7 8. Be2
O-O 9. O-O Re8 10. Qc2 Bg4 11. Bf4 Bxf3 12. Bxf3 a6 13. a4 Qc7 14. h3 Nbd7 15.
Be2 c4 16. Rfe1 Rab8 17. a5 b5 18. axb6 Rxb6 19. Na4 Rxe4 20. Nxb6 Nxb6 21. Bd2
Nbxd5 22. Rxa6 h5 23. Bf1 Rxe1 24. Bxe1 Nb6 25. Ba5 Nfd7 26. Qe4 Be5 27. Rxb6
d5 28. Qxd5 Nxb6 29. Bxb6 Bh2+ 30. Kh1 Qxb6 31. Kxh2 Qxf2 32. Bxc4 Qf4+ 33. g3
1-0

[Event "U.S. Open"]
[Site "Ft. Worth, Tex."]
[Date "1984.08.06"]
[Round "3"]
[White "Moody, David"]
[Black "Speck, Frederick"]
[Result "1-0"]
[WhiteElo "1927"]
[BlackElo "1514"]
[PlyCount "45"]
[EventDate "1984.08.04"]

1. e4 e6 2. d4 d5 3. Nc3 Nf6 4. Bg5 Be7 5. e5 Nfd7 6. h4 c5 7. Bxe7 Kxe7 8. Nf3
h6 9. Bb5 Nc6 10. Bxc6 bxc6 11. Ne2 Ba6 12. c3 Qb6 13. Qd2 Bxe2 14. Kxe2 Qb5+
15. Ke3 Nb6 16. Kf4 Nc4 17. Qd3 Rab8 18. b3 Na5 19. Qxb5 Rxb5 20. Ke3 Rhb8 21.
dxc5 Nb7 22. b4 a5 23. a4 1-0

[Event "U.S. Open"]
[Site "Ft. Worth, Tex."]
[Date "1984.08.08"]
[Round "4"]
[White "Weinberg, Robert"]
[Black "Moody, David"]
[Result "0-1"]
[WhiteElo "2148"]
[BlackElo "1927"]
[PlyCount "68"]
[EventDate "1984.08.04"]

1. e4 e5 2. Nf3 Nc6 3. Bb5 a6 4. Ba4 Nf6 5. O-O Be7 6. Re1 b5 7. Bb3 O-O 8. d4
d6 9. c3 Bg4 10. Be3 Na5 11. Bc2 Nc4 12. Bc1 c5 13. b3 Nb6 14. Nbd2 Qc7 15. h3
cxd4 16. hxg4 Qxc3 17. Rb1 Rfc8 18. Rb2 Nxg4 19. Nb1 Qc7 20. Bd3 d5 21. exd5
Bb4 22. Bd2 Nxd5 23. Bxb4 Nxb4 24. Bf5 Nxf2 25. Kxf2 Re8 26. Be4 Rad8 27. a3
Nd5 28. Nbd2 Ne3 29. Rxe3 dxe3+ 30. Kxe3 Qc3+ 31. Ke2 Qxb2 32. Qh1 g6 33. Qh6
f5 34. Bxf5 e4 0-1

[Event "U.S. Open"]
[Site "Ft. Worth, Tex."]
[Date "1984.08.09"]
[Round "5"]
[White "Moody, David"]
[Black "Anderson, Selby"]
[Result "0-1"]
[WhiteElo "1927"]
[BlackElo "2168"]
[PlyCount "54"]
[EventDate "1984.08.04"]

1. e4 d5 2. d4 dxe4 3. Nc3 Nf6 4. f3 exf3 5. Nxf3 Bg4 6. Bc4 e6 7. Bf4 c6 8.
O-O Nbd7 9. h3 Bxf3 10. Qxf3 Nb6 11. Bb3 Qd7 12. Be5 Nbd5 13. Bxd5 Nxd5 14. Ne4
f6 15. Bg3 O-O-O 16. c4 Nb6 17. d5 cxd5 18. cxd5 e5 19. Rac1+ Kb8 20. Rfd1 Bd6
21. Bf2 Rc8 22. Bc5 Bxc5+ 23. Nxc5 Qb5 24. a4 Nxa4 25. Nxa4 Rxc1 26. Rxc1 Qxa4
27. Kh1 Rd8 0-1

[Event "U.S. Open"]
[Site "Ft. Worth, Tex."]
[Date "1984.08.10"]
[Round "6"]
[White "Payne, Fred"]
[Black "Moody, David"]
[Result "1-0"]
[WhiteElo "2118"]
[BlackElo "1927"]
[PlyCount "41"]
[EventDate "1984.08.04"]

1. d4 Nf6 2. c4 c5 3. d5 e6 4. Nc3 exd5 5. cxd5 d6 6. h3 g6 7. Bg5 Bg7 8. Nf3
O-O 9. e3 Bf5 10. Nd2 h6 11. g4 hxg5 12. gxf5 gxf5 13. Qf3 a6 14. Qxf5 Re8 15.
Qxg5 Re5 16. Qg2 Nh7 17. Nf3 Re8 18. Bd3 b5 19. Rg1 Qf6 20. Ne4 Qxb2 21. Rb1
1-0

[Event "U.S. Open"]
[Site "Ft. Worth, Tex."]
[Date "1984.08.10"]
[Round "7"]
[White "Moody, David"]
[Black "Stidham, Douglas"]
[Result "1/2-1/2"]
[WhiteElo "1927"]
[BlackElo "1608"]
[PlyCount "95"]
[EventDate "1984.08.04"]

1. e4 c6 2. d4 d5 3. Nc3 dxe4 4. Nxe4 Nf6 5. Nxf6+ gxf6 6. Bc4 Bf5 7. Nf3 e6 8.
Bf4 Bd6 9. Bxd6 Qxd6 10. c3 Nd7 11. Qe2 O-O-O 12. Nh4 Bg6 13. Nxg6 hxg6 14. h4
Nb6 15. O-O-O Nxc4 16. Qxc4 Qf4+ 17. Kb1 Rxh4 18. Qe2 Rdh8 19. Rhe1 f5 20. Ka1
Qe4 21. g3 Qxe2 22. Rxe2 Rh1 23. Ree1 Rxe1 24. Rxe1 Rh2 25. Rf1 Kd7 26. Kb1 Kd6
27. Kc2 f6 28. Kd3 e5 29. dxe5+ fxe5 30. Ke3 Rh7 31. Rd1+ Ke6 32. Kf3 Rd7 33.
Rb1 g5 34. Ke3 e4 35. Rh1 Ke5 36. Rh5 Rg7 37. Rh8 f4+ 38. gxf4+ gxf4+ 39. Ke2
Re7 40. Rg8 b6 41. Rg5+ Kf6 42. Rg4 Kf5 43. Rg8 Re6 44. Rg7 a5 45. Rf7+ Ke5 46.
Rf8 e3 47. fxe3 fxe3 48. Kxe3 1/2-1/2

[Event "U.S. Open"]
[Site "Ft. Worth, Tex."]
[Date "1984.08.11"]
[Round "8"]
[White "Gray, Darcy"]
[Black "Moody, David"]
[Result "0-1"]
[WhiteElo "1707"]
[BlackElo "1927"]
[PlyCount "58"]
[EventDate "1984.08.04"]

1. e4 e5 2. Nf3 Nc6 3. Bb5 a6 4. Bxc6 dxc6 5. O-O Qd6 6. b3 f6 7. Nh4 Ne7 8.
Qh5+ g6 9. Qe2 Bg7 10. Ba3 c5 11. Qe3 b6 12. Nc3 Be6 13. Ne2 O-O 14. f4 f5 15.
d4 exd4 16. e5 dxe3 17. exd6 cxd6 18. Rad1 d5 19. c3 Nc6 20. Rd3 d4 21. cxd4
cxd4 22. Bxf8 Kxf8 23. a3 Bd5 24. Rfd1 Be4 25. Rxd4 Nxd4 26. Nxd4 Ke7 27. Ne2
Rc8 28. Nf3 Rc2 29. Nfd4 Rd2 0-1

[Event "U.S. Open"]
[Site "Ft. Worth, Tex."]
[Date "1984.08.12"]
[Round "9"]
[White "Moody, David"]
[Black "Losoff, Alan"]
[Result "0-1"]
[WhiteElo "1927"]
[BlackElo "2076"]
[PlyCount "62"]
[EventDate "1984.08.04"]

1. e4 c5 2. Nf3 d6 3. d4 cxd4 4. Nxd4 Nf6 5. Nc3 g6 6. Be3 Bg7 7. f3 O-O 8. Qd2
Nc6 9. Bc4 Bd7 10. O-O-O Qa5 11. Kb1 Rfc8 12. Bb3 Ne5 13. Bh6 Bh8 14. h4 Nc4
15. Bxc4 Rxc4 16. Nde2 Rac8 17. h5 Be6 18. hxg6 fxg6 19. Nf4 Rxc3 20. Nxe6 Qe5
21. Nd4 R3c4 22. c3 b5 23. Bf4 Qc5 24. Ne6 Qc6 25. Qf2 Qd7 26. Ng5 b4 27. Nxh7
bxc3 28. Qh4 c2+ 29. Kc1 cxd1=Q+ 30. Kxd1 Qa4+ 31. Ke1 Rc1+ 0-1

[Event "Battered Badger Tornado"]
[Site "Ann Arbor, Mich."]
[Date "1984.09.23"]
[Round "1"]
[White "Moody, David"]
[Black "Van Loon, Cliff"]
[Result "1-0"]
[WhiteElo "1985"]
[BlackElo "1579"]
[PlyCount "109"]
[EventDate "1984.09.23"]

1. e4 c5 2. Nf3 Nc6 3. d4 cxd4 4. Nxd4 d6 5. Bc4 e6 6. Nc3 Be7 7. Be3 Nf6 8.
Qe2 Qb6 9. O-O-O Nxd4 10. Bxd4 Qa5 11. Bb5+ Bd7 12. Bxd7+ Kxd7 13. e5 Nd5 14.
exd6 Bxd6 15. Nxd5 Qxd5 16. Be5 Qxa2 17. Rxd6+ Ke7 18. Qd3 Rhd8 19. Rxd8 Qa1+
20. Kd2 Qa5+ 21. Bc3 Qxd8 22. Qxd8+ Rxd8+ 23. Ke2 f6 24. Rd1 Rc8 25. Rd3 h5 26.
Kd2 Rc7 27. Bb4+ Kf7 28. Rd8 a6 29. Rf8+ Kg6 30. Re8 e5 31. Re7 Rxe7 32. Bxe7
Kf7 33. Bc5 Ke6 34. Kd3 g5 35. Kc4 f5 36. Kb4 Kd5 37. Be7 g4 38. Ka5 Kc6 39.
Bf6 e4 40. Be5 Kd5 41. Bg3 Kd4 42. Bf4 Kc5 43. g3 Kc6 44. Be3 Kc7 45. Kb4 Kc6
46. Kc4 Kd6 47. Bf4+ Kc6 48. Kd4 b5 49. Ke5 a5 50. Kxf5 Kd5 51. Kg5 a4 52. Bd2
Kc4 53. Kxh5 b4 54. Bxb4 Kxb4 55. Kxg4 1-0

[Event "Battered Badger Tornado"]
[Site "Ann Arbor, Mich."]
[Date "1984.09.23"]
[Round "5"]
[White "Moody, David"]
[Black "Prusaitis, Bill"]
[Result "1-0"]
[WhiteElo "1985"]
[BlackElo "1896"]
[PlyCount "113"]
[EventDate "1984.09.23"]

1. e4 e5 2. Nf3 Nc6 3. Bb5 a6 4. Ba4 d6 5. c3 Bd7 6. d4 b5 7. Bb3 Nf6 8. Ng5 d5
9. exd5 Na5 10. dxe5 Nxb3 11. Qxb3 Qe7 12. Nf3 Ng4 13. Bf4 f6 14. O-O Nxe5 15.
Nxe5 fxe5 16. Re1 e4 17. Nd2 Bf5 18. d6 Qd7 19. Nxe4 O-O-O 20. Qd5 c6 21. Qd4
Bxe4 22. Qxe4 Bxd6 23. Rad1 Rhe8 24. Qd4 Rxe1+ 25. Rxe1 Bxf4 26. Qxf4 Qd2 27.
Qf5+ Rd7 28. Re8+ Kc7 29. h3 Qd1+ 30. Kh2 Qd6+ 31. g3 g6 32. Qe4 Rf7 33. Qe3
Kb7 34. b4 Qd7 35. Qe5 Qc7 36. Qxc7+ Kxc7 37. Kg2 Kb6 38. Rb8+ Kc7 39. Rh8 Kb6
40. f4 a5 41. Kf3 Re7 42. g4 axb4 43. cxb4 Ra7 44. f5 gxf5 45. gxf5 Rxa2 46.
Rxh7 Ra3+ 47. Ke4 Rb3 48. f6 Rxb4+ 49. Ke5 Rb1 50. f7 Rf1 51. Ke6 Re1+ 52. Kf6
Rf1+ 53. Kg7 Rg1+ 54. Kh8 Rf1 55. Kg8 Rg1+ 56. Rg7 Rh1 57. f8=Q 1-0

[Event "Ann Arbor Autumn Open"]
[Site "Ann Arbor, Mich."]
[Date "1984.09.23"]
[Round "4"]
[White "Moody, David"]
[Black "Kung, Fred"]
[Result "1-0"]
[WhiteElo "1985"]
[BlackElo "1752"]
[PlyCount "39"]
[EventDate "1984.09.22"]

1. e4 e5 2. Nf3 Nc6 3. d4 exd4 4. Bc4 Bb4+ 5. c3 dxc3 6. O-O Nge7 7. Ng5 Ne5 8.
Nxf7 Nxf7 9. Bxf7+ Kxf7 10. Qb3+ d5 11. Qxb4 c2 12. Nc3 d4 13. Ne2 d3 14. Nf4
Be6 15. Nxe6 Kxe6 16. Qc4+ Kf6 17. e5+ Kg6 18. Qe6+ Kh5 19. Qf7+ Ng6 20. Qf5+
1-0

[Event "Battered Badger Tornado"]
[Site "Ann Arbor, Mich."]
[Date "1984.09.23"]
[Round "3"]
[White "Moody, David"]
[Black "Harma, Ken"]
[Result "1-0"]
[WhiteElo "1985"]
[BlackElo "1749"]
[PlyCount "103"]
[EventDate "1984.09.23"]

1. e4 e6 2. d3 g6 3. Nf3 Bg7 4. c3 Nc6 5. g3 f5 6. Nbd2 d6 7. Bg2 Nf6 8. O-O
O-O 9. Re1 e5 10. Ng5 Qe7 11. f4 h6 12. Ngf3 Nh5 13. Nh4 Nxf4 14. Nxf5 gxf5 15.
gxf4 exf4 16. exf5 Qh4 17. Bd5+ Kh8 18. Nf3 Qg4+ 19. Kh1 Ne5 20. Nxe5 Qxd1 21.
Ng6+ Kh7 22. Nxf8+ Bxf8 23. Rxd1 Bxf5 24. Bxf4 c6 25. Be4 Bxe4+ 26. dxe4 Re8
27. Re1 Be7 28. Rad1 Bh4 29. Re3 Bf2 30. Re2 Bc5 31. Bxd6 Bb6 32. Bg3 a5 33. e5
Bc5 34. e6 b5 35. e7 Kg6 36. Bh4 b4 37. Rd8 Kf7 38. Rxe8 Kxe8 39. Rd2 Kf7 40.
Rd8 Bxe7 41. Rd7 bxc3 42. bxc3 c5 43. Rxe7+ Kg6 44. Kg2 h5 45. Kf3 a4 46. Kf4
c4 47. a3 Kh6 48. Re6+ Kg7 49. Kf5 Kf7 50. Re7+ Kg8 51. Kg6 Kf8 52. h3 1-0

[Event "Battered Badger Tornado"]
[Site "Ann Arbor, Mich."]
[Date "1984.09.23"]
[Round "2"]
[White "Jackson, James"]
[Black "Moody, David"]
[Result "1-0"]
[WhiteElo "1759"]
[BlackElo "1985"]
[PlyCount "115"]
[EventDate "1984.09.23"]

1. d4 Nf6 2. c4 c5 3. Nf3 d5 4. dxc5 Qa5+ 5. Nc3 dxc4 6. Qa4+ Qxa4 7. Nxa4 Bd7
8. Nc3 Na6 9. e4 Nxc5 10. e5 Nfe4 11. Nxe4 Nxe4 12. Bxc4 e6 13. Be3 Bb4+ 14.
Ke2 Ke7 15. Bd3 Nc5 16. Bc4 b5 17. a3 bxc4 18. axb4 Nd3 19. Rxa7 Rxa7 20. Bxa7
Ra8 21. Ra1 Ke8 22. Ra5 Nxb2 23. Bd4 Rxa5 24. bxa5 Nd3 25. a6 Nf4+ 26. Kd2 Nxg2
27. Kc3 Bc6 28. Nd2 Nf4 29. Kxc4 Kd7 30. Kc5 Kc7 31. Kb4 Nd5+ 32. Ka5 f6 33.
Nc4 f5 34. Nd6 Ne7 35. a7 Nc8 36. Ne8+ Kb7 37. Nxg7 Bd5 38. Nh5 Nxa7 39. Bxa7
Kxa7 40. Nf6 Bf3 41. Nxh7 Kb7 42. Kb4 Kc7 43. Kc5 Kd7 44. Nf6+ Ke7 45. h4 Kf7
46. h5 Bd1 47. f4 Bb3 48. h6 Kg6 49. h7 Kg7 50. Kd6 Kh8 51. Ke7 Ba2 52. Kf7 Bb3
53. Ne8 Kxh7 54. Nc7 Kh6 55. Nxe6 Kh5 56. Kf6 Kg4 57. Nd4 Bc4 58. e6 1-0

[Event "Battered Badger Tornado"]
[Site "Ann Arbor, Mich."]
[Date "1984.09.23"]
[Round "4"]
[White "Feldstein, Robert"]
[Black "Moody, David"]
[Result "0-1"]
[WhiteElo "1974"]
[BlackElo "1985"]
[PlyCount "58"]
[EventDate "1984.09.23"]

1. Nf3 Nf6 2. b4 g6 3. Bb2 Bg7 4. e4 O-O 5. e5 Ne8 6. Bc4 d5 7. Bb3 Bg4 8. h3
Bxf3 9. Qxf3 e6 10. d4 Nd7 11. h4 b6 12. h5 c5 13. hxg6 fxg6 14. Qh3 Kf7 15.
Bxd5 exd5 16. e6+ Ke7 17. exd7 Nf6 18. dxc5 Qxd7 19. Qxd7+ Kxd7 20. cxb6 Rfe8+
21. Kd1 axb6 22. Bxf6 Bxf6 23. Rxh7+ Kc6 24. c3 d4 25. Rh6 dxc3 26. Rxg6 Rad8+
27. Kc2 Re2+ 28. Kb3 Rb2+ 29. Kc4 b5# 0-1

[Event "I Go Bogo Tornado"]
[Site "Ann Arbor, Mich."]
[Date "1984.10.07"]
[Round "2"]
[White "Noren, Kevin"]
[Black "Moody, David"]
[Result "0-1"]
[WhiteElo "2211"]
[BlackElo "1985"]
[PlyCount "74"]
[EventDate "1984.10.07"]

1. e4 e5 2. Nf3 Nc6 3. Bb5 a6 4. Ba4 Nf6 5. O-O Be7 6. Qe2 b5 7. Bb3 O-O 8. c3
d5 9. d3 Bg4 10. h3 Bxf3 11. Qxf3 d4 12. Rd1 Nd7 13. Bd5 Ndb8 14. Nd2 Qd7 15.
Nf1 a5 16. Ng3 Ra6 17. Nf5 Nd8 18. Qg3 Rg6 19. Qxe5 Bf6 20. Qf4 dxc3 21. bxc3
Bxc3 22. Rb1 Ne6 23. Qe3 c6 24. Bb3 Nd4 25. Nxd4 Bxd4 26. Qf3 Rf6 27. Qh5 Rxf2
28. Kh1 a4 29. Bxa4 bxa4 30. Ba3 Re8 31. Rf1 Rxa2 32. Bd6 Na6 33. Rf4 Re6 34.
Qa5 Rh6 35. Rf3 Qxd6 36. Qxa6 Rg6 37. Qc4 Qh2+ 0-1

[Event "I Go Bogo Tornado"]
[Site "Ann Arbor, Mich."]
[Date "1984.10.07"]
[Round "1"]
[White "Moody, David"]
[Black "Lyon, Lock"]
[Result "1-0"]
[WhiteElo "1985"]
[BlackElo "1394"]
[PlyCount "77"]
[EventDate "1984.10.07"]

1. e4 d5 2. exd5 Nf6 3. c4 c6 4. d4 cxd5 5. Nc3 Bg4 6. Qb3 Qb6 7. cxd5 Qxb3 8.
axb3 Nbd7 9. Bc4 g6 10. Nb5 Kd8 11. Bf4 Ne8 12. Nxa7 Nb6 13. Bd2 Bg7 14. Ba5
Kc7 15. Rc1 Rxa7 16. Be2+ Kb8 17. Bxb6 Ra6 18. Bxa6 bxa6 19. f3 Bd7 20. Ne2 Bh6
21. Ra1 Bb5 22. Kf2 Bxe2 23. Kxe2 Kb7 24. Bc5 Nd6 25. Bxd6 exd6 26. Kd3 Rc8 27.
Rhe1 Bg5 28. Re2 Ka7 29. Rae1 Rb8 30. Kc4 a5 31. Re7+ Bxe7 32. Rxe7+ Rb7 33.
Rxb7+ Kxb7 34. Kb5 h5 35. Kxa5 g5 36. b4 f6 37. Kb5 f5 38. Ka5 f4 39. h3 1-0

[Event "I Go Bogo Tornado"]
[Site "Ann Arbor, Mich."]
[Date "1984.10.07"]
[Round "5"]
[White "Moody, David"]
[Black "Haakonstad, Olaf"]
[Result "1-0"]
[WhiteElo "1985"]
[BlackElo "1637"]
[PlyCount "113"]
[EventDate "1984.10.07"]

1. e4 c5 2. Nf3 e6 3. d3 Nc6 4. g3 Qc7 5. Bg2 Nf6 6. O-O Be7 7. Re1 e5 8. Nc3
Nd4 9. Bg5 d6 10. Bxf6 Bxf6 11. Nd5 Qd8 12. c3 Nc6 13. Nd2 O-O 14. a4 Bg5 15.
Nc4 Be6 16. Nce3 Ne7 17. f4 Nxd5 18. exd5 exf4 19. gxf4 Bxf4 20. dxe6 fxe6 21.
Qg4 Qf6 22. Kh1 Qh6 23. Nf1 Rf6 24. Bh3 Rg6 25. Rxe6 Rxg4 26. Rxh6 Rf8 27. Bxg4
Bxh6 28. Be6+ Kh8 29. Ng3 Rf2 30. Rf1 Rxf1+ 31. Nxf1 Bc1 32. b3 Bb2 33. c4 Bd4
34. Ng3 g6 35. Ne4 Be5 36. Ng5 Kg7 37. Nf7 Kf6 38. Nxe5 Kxe5 39. Bd5 b6 40. Kg2
Kf4 41. Kf2 g5 42. Be4 h5 43. Bd5 g4 44. Bc6 h4 45. Be4 g3+ 46. hxg3+ hxg3+ 47.
Ke2 Kg4 48. Bg2 Kf4 49. Kd2 a5 50. Ke2 Ke5 51. Ke3 Kf5 52. Bf3 Ke5 53. Be4 Kf6
54. Kf4 Ke6 55. Bg2 Kf6 56. Bd5 Kg6 57. Kxg3 1-0

[Event "I Go Bogo Tornado"]
[Site "Ann Arbor, Mich."]
[Date "1984.10.07"]
[Round "3"]
[White "Moody, David"]
[Black "Baze, Lineas"]
[Result "0-1"]
[WhiteElo "1985"]
[BlackElo "1969"]
[PlyCount "96"]
[EventDate "1984.10.07"]

1. f4 d5 2. Nf3 c5 3. e3 Nc6 4. d4 e6 5. c3 Nf6 6. Bd3 Bd6 7. O-O Bd7 8. Nbd2
Qc7 9. Ne5 Ke7 10. Ndf3 Raf8 11. Qe1 Kd8 12. Ng5 Be8 13. Qh4 h6 14. Ngf3 Kc8
15. Bd2 Ne4 16. Qg4 f5 17. Qh3 g5 18. Bxe4 dxe4 19. Ne1 gxf4 20. exf4 cxd4 21.
Nxc6 Bxc6 22. cxd4 Kb8 23. Rc1 Qb6 24. Bc3 Bd5 25. a3 Rfg8 26. Nc2 Rg4 27. g3
Rhg8 28. Ne3 Bxf4 29. Nxg4 fxg4 30. Qh5 Be3+ 31. Kg2 Bxc1 32. Rxc1 Qb5 33. Re1
Qd3 34. Qxh6 Qf3+ 35. Kg1 Rf8 36. Qe3 Bc4 37. Qxf3 exf3 38. Kf2 Rh8 39. Rh1 Bd5
40. Bd2 b6 41. Bg5 Kb7 42. b4 Ka6 43. Bc1 Rc8 44. Bf4 Rc2+ 45. Ke3 Re2+ 46. Kd3
Be4+ 47. Kc3 f2 48. Rf1 Bg2 0-1

[Event "I Go Bogo Tornado"]
[Site "Ann Arbor, Mich."]
[Date "1984.10.07"]
[Round "4"]
[White "Bath, John"]
[Black "Moody, David"]
[Result "1-0"]
[WhiteElo "2119"]
[BlackElo "1985"]
[PlyCount "89"]
[EventDate "1984.10.07"]

1. d4 Nf6 2. c4 c5 3. d5 e6 4. Nc3 exd5 5. cxd5 d6 6. e4 g6 7. Nf3 Bg7 8. Be2
O-O 9. O-O a6 10. a4 Re8 11. Nd2 Nbd7 12. f3 Nh5 13. Nc4 Ne5 14. g4 Nxc4 15.
Bxc4 Bd4+ 16. Kg2 Ng7 17. Bf4 Qf6 18. Qd2 g5 19. Bxg5 Qg6 20. h4 h5 21. Ne2
hxg4 22. Nxd4 cxd4 23. fxg4 Qxe4+ 24. Kg1 Qxg4+ 25. Qg2 Qxg2+ 26. Kxg2 Bd7 27.
Rf6 Nf5 28. Rf1 Ne3+ 29. Bxe3 dxe3 30. Rxd6 e2 31. Rxd7 exf1=Q+ 32. Kxf1 Re4
33. b3 Rb8 34. d6 Rd4 35. h5 b5 36. axb5 axb5 37. Bxf7+ Kf8 38. Bg6 Rb6 39. h6
Rdxd6 40. h7 Rf6+ 41. Ke2 Rbe6+ 42. Kd2 Rf2+ 43. Kc3 Rh2 44. Rf7+ Ke8 45. Rf2+
1-0

[Event "Alexander Alekhine Open"]
[Site "Dearborn, Mich."]
[Date "1984.10.27"]
[Round "1"]
[White "Moody, David"]
[Black "Treat, John"]
[Result "1-0"]
[WhiteElo "1985"]
[BlackElo "1575"]
[PlyCount "77"]
[EventDate "1984.10.27"]

1. e4 e5 2. Nf3 Nf6 3. Nc3 Bb4 4. Bc4 O-O 5. O-O Nc6 6. d3 h6 7. Ne2 d5 8. exd5
Nxd5 9. Ng3 Nf6 10. c3 Bd6 11. Re1 Re8 12. b4 a6 13. Qb3 Be6 14. Bxe6 Rxe6 15.
Be3 Ne7 16. Rad1 Ng4 17. Bc1 Qd7 18. h3 Nf6 19. Bb2 Re8 20. c4 c6 21. Bxe5 Bxe5
22. Nxe5 Qc7 23. Nf3 Ng6 24. Rxe6 Rxe6 25. d4 Nf4 26. Nf5 N6h5 27. d5 cxd5 28.
cxd5 Rg6 29. N3h4 Rg5 30. d6 Qd7 31. Re1 Rxf5 32. Re7 Qb5 33. Nxf5 Qxf5 34. d7
Nxh3+ 35. Qxh3 Qb1+ 36. Kh2 Nf4 37. d8=Q+ Kh7 38. Qe3 Qf5 39. Qe4 1-0

[Event "Alexander Alekhine Open"]
[Site "Dearborn, Mich."]
[Date "1984.10.27"]
[Round "3"]
[White "Moody, David"]
[Black "Finegold, Ben"]
[Result "1/2-1/2"]
[WhiteElo "1985"]
[BlackElo "2251"]
[PlyCount "50"]
[EventDate "1984.10.27"]

1. e4 e6 2. d4 d5 3. Nc3 Bb4 4. e5 c5 5. a3 Bxc3+ 6. bxc3 Ne7 7. Nf3 Bd7 8. a4
Qa5 9. Bd2 c4 10. Ng5 h6 11. Qh5 Ng6 12. Nh3 Bxa4 13. f4 Qb5 14. f5 exf5 15. e6
Bxc2 16. Nf4 Kd8 17. exf7 Nxf4 18. Bxf4 Qc6 19. Be5 Rf8 20. Kd2 Be4 21. Bxg7
Qb5 22. Rc1 Qb2+ 23. Kd1 Qb3+ 24. Kd2 Qb2+ 25. Kd1 Qb3+ 1/2-1/2

[Event "Alexander Alekhine Open"]
[Site "Dearborn, Mich."]
[Date "1984.10.27"]
[Round "2"]
[White "Bierman, Ron"]
[Black "Moody, David"]
[Result "0-1"]
[WhiteElo "1714"]
[BlackElo "1985"]
[PlyCount "78"]
[EventDate "1984.10.27"]

1. e4 e5 2. Nf3 Nc6 3. Bb5 a6 4. Ba4 Nf6 5. O-O Be7 6. Re1 b5 7. Bb3 O-O 8. c3
d5 9. exd5 Nxd5 10. Nxe5 Nxe5 11. Rxe5 c6 12. d4 Bd6 13. Re1 Qh4 14. g3 Qh3 15.
Be3 Bg4 16. Qd3 Rae8 17. Nd2 Re6 18. Qf1 Qh5 19. a4 f5 20. Qg2 f4 21. Bxf4 Bxf4
22. Rxe6 Bxe6 23. gxf4 Rxf4 24. f3 Rf6 25. Ne4 Rg6 26. Ng3 Qg5 27. Re1 h5 28.
Bc2 Rh6 29. Ne4 Qf4 30. Kf2 h4 31. axb5 axb5 32. Bb3 Bf5 33. Ke2 Rg6 34. Qf2 h3
35. Rg1 Bxe4 36. Bxd5+ cxd5 37. fxe4 Qxe4+ 38. Kd1 Rxg1+ 39. Qxg1 Qb1+ 0-1

[Event "Alexander Alekhine Open"]
[Site "Dearborn, Mich."]
[Date "1984.10.28"]
[Round "5"]
[White "Moody, David"]
[Black "Kebrdle, Mike"]
[Result "0-1"]
[WhiteElo "1985"]
[BlackElo "1979"]
[PlyCount "30"]
[EventDate "1984.10.27"]

1. e4 c6 2. d4 d5 3. exd5 cxd5 4. c4 Nf6 5. Nc3 e6 6. Bg5 Be7 7. Nf3 O-O 8. Bd3
Nc6 9. a3 b6 10. O-O Bb7 11. Rc1 Rc8 12. cxd5 Nxd5 13. Ne4 Nf6 14. Qa4 Nxe4 15.
Bxe7 Nxe7 0-1

[Event "Alexander Alekhine Open"]
[Site "Dearborn, Mich."]
[Date "1984.10.28"]
[Round "4"]
[White "Goldman, Steven"]
[Black "Moody, David"]
[Result "0-1"]
[WhiteElo "1886"]
[BlackElo "1985"]
[PlyCount "94"]
[EventDate "1984.10.27"]

1. e4 e5 2. Nf3 Nc6 3. Bb5 a6 4. Ba4 Nf6 5. d4 exd4 6. e5 Ne4 7. O-O Be7 8.
Nxd4 Nxd4 9. Qxd4 Nc5 10. Nc3 Nxa4 11. Qxa4 O-O 12. Be3 d6 13. Rad1 b5 14. Qe4
Be6 15. f4 Qc8 16. f5 Bc4 17. Rf3 dxe5 18. b3 b4 19. bxc4 bxc3 20. Qxe5 Bf6 21.
Qf4 Qb7 22. Bd4 Rad8 23. Rxc3 c5 24. Bxf6 Rxd1+ 25. Kf2 Qd7 26. Qg4 g6 27. h4
Qd2+ 28. Qe2 Re8 29. Qxd2 Rxd2+ 30. Kf3 gxf5 31. Bg5 Rd4 32. Bf6 Rg4 33. h5 Re6
34. Bd8 Rh6 35. Be7 Rxh5 36. Bxc5 Rhg5 37. Bf2 Rxg2 38. c5 Rh2 39. Kf4 Rgg2 40.
Rg3+ Rxg3 41. Kxg3 Rxf2 42. Kxf2 Kf8 43. Kf3 Ke7 44. Kf4 Kd7 45. Kxf5 Kc6 46.
Kf6 Kxc5 47. Kxf7 h5 0-1

[Event "WMU Fall Open"]
[Site "Kalamazoo, Mich."]
[Date "1984.11.10"]
[Round "3"]
[White "Taylor, James"]
[Black "Moody, David"]
[Result "0-1"]
[WhiteElo "1664"]
[BlackElo "1956"]
[PlyCount "56"]
[EventDate "1984.11.10"]

1. e4 e5 2. Nf3 Nc6 3. d4 exd4 4. Bc4 Nf6 5. O-O Bc5 6. e5 d5 7. exf6 dxc4 8.
Re1+ Be6 9. Ng5 Qd5 10. Nc3 Qf5 11. Nce4 O-O-O 12. Nxc5 Qxc5 13. Nxe6 fxe6 14.
fxg7 Rhg8 15. Qg4 Qf5 16. Qxf5 exf5 17. Bg5 Rd6 18. Be7 Nxe7 19. Rxe7 Rg6 20.
Rd1 c5 21. Re5 b6 22. Rxf5 R6xg7 23. g3 Re7 24. Rd2 Rge8 25. f4 Re2 26. Rxe2
Rxe2 27. Rf7 Rxc2 28. Rxa7 Rxb2 0-1

[Event "WMU Fall Open"]
[Site "Kalamazoo, Mich."]
[Date "1984.11.10"]
[Round "2"]
[White "Moody, David"]
[Black "Finegold, Ben"]
[Result "0-1"]
[WhiteElo "1956"]
[BlackElo "2280"]
[PlyCount "44"]
[EventDate "1984.11.10"]

1. e4 d6 2. d4 Nf6 3. Nc3 g6 4. Bg5 Bg7 5. f4 h6 6. Bh4 Nh5 7. f5 c5 8. Nd5 Nc6
9. Bb5 Bd7 10. Bxc6 bxc6 11. Bxe7 Qa5+ 12. b4 cxb4 13. f6 cxd5 14. fxg7 Nxg7
15. Bf6 O-O 16. Qd2 Nh5 17. Be7 Rfe8 18. Bxd6 Rxe4+ 19. Kf2 Rae8 20. Qxh6 Qa6
21. Be5 R8xe5 22. dxe5 Qb6+ 0-1

[Event "WMU Fall Open"]
[Site "Kalamazoo, Mich."]
[Date "1984.11.10"]
[Round "1"]
[White "Mills, Dan"]
[Black "Moody, David"]
[Result "0-1"]
[WhiteElo "1467"]
[BlackElo "1956"]
[PlyCount "70"]
[EventDate "1984.11.10"]

1. d4 Nf6 2. Nf3 d6 3. c4 Nbd7 4. Nc3 c5 5. e3 g6 6. Bd2 Bg7 7. Qc2 O-O 8. Bd3
b6 9. O-O Bb7 10. d5 e6 11. e4 a6 12. Rad1 b5 13. b3 Re8 14. Rfe1 b4 15. Ne2
Ng4 16. h3 Nge5 17. Nh2 g5 18. f4 gxf4 19. Nxf4 Qh4 20. Rf1 Kh8 21. Nf3 Nxf3+
22. Rxf3 Bd4+ 23. Kh2 Ne5 24. Rg3 Bf2 25. Rg5 Qxg5 26. Nxe6 Qg3+ 27. Kh1 Nf3
28. Bf4 Qh4 29. Qb2+ Nd4 30. Bg5 Qh5 31. Qxf2 fxe6 32. Qf6+ Kg8 33. e5 Qxd1+
34. Bf1 Rf8 35. Qxe6+ Nxe6 0-1